Estudios preliminares con radiotelemetría sobre los desplazamientos de hembras de la tortuga Podocnemis unifilis en el río Caquetá, Amazonas, Colombia (Registro nro. 15399)
[ vista simple ]
| 000 -CABECERA | |
|---|---|
| Campo de control | 006310000a22001450004500 |
| 090 ## - CLASIFICACIÓN LOCAL | |
| Colección | AS |
| Consecutivo | Seriadas |
| 041 0# - IDIOMA | |
| Código de idioma para texto/pista de sonido o título separado | |
| 100 1# - ASIENTO PRINCIPAL--NOMBRE PERSONAL | |
| Nombre personal | Bock, Brian C. |
| 245 10 - MENCION DE TITULO | |
| Título | Estudios preliminares con radiotelemetría sobre los desplazamientos de hembras de la tortuga Podocnemis unifilis en el río Caquetá, Amazonas, Colombia |
| 246 3# - FORMA VARIANTE DEL TITULO | |
| Título propiamente dicho/forma breve del título | Preliminary radiotelemetry study of the movements of female Podocnemis unifilis turtles in the Caquetá river, Amazonas, Colombia |
| 700 1# - ASIENTO SECUNDARIO - NOMBRE PERSONAL | |
| Nombre personal | Páez, Vivian P. |
| 700 1# - ASIENTO SECUNDARIO - NOMBRE PERSONAL | |
| Nombre personal | Pérez , Néstor F. |
| 773 1# - Item fuente: | |
| Título | Actualidades Biológicas |
| Descripción física | 68 |
| Paginas del Articulo | 29-36 |
| Lugar, editorial y fecha de publicación | 1998 |
| Información sobre la relación | 20 |
| 942 ## - ELEMENTOS ADICIONALES (KOHA) | |
| Tipo de ítem | Artículo |
No hay ítems disponibles.